Une lettre suffit pour répondre juste #88 (attention 10 lettres tuent) - Statistiques

Statistiques générales
  • Ce quiz a été pris 66 fois
  • Le résultat moyen est 3 sur 6
Statistiques - réponses
Hint Réponse % Correct
Donne une des 5 lettres du mot qui désigne un exercice de musculation consistant à exécuter des flexions avec les genoux : _ _ _ _ _
SQUAT
100%
Donne une des 4 lettres de l'onomatopée qui imite le tintement de la cloche : _ _ _ _ DING
98%
Donne une des 3 lettres qui complète le titre de ce film de 2003 : OLD _ _ _
BOY
55%
Donne une des initiales (première lettre prénom ou nom) de ce coiffeur de star et homme d'affaires français. En 2007, son groupe possèdait 502 salons en France
FP (Franck Provost)
40%
Donne la lettre qui est la plus présente dans le titre du film en extrait de 2003 :
L (Kill Bill: Volume 1)
29%
Donne la lettre qui désigne la classe de cette gamme d'automobile familiale du constructeur allemand Mercedes-Benz existant en berline, break, coupé et cabriolet : Mercedes-Benz Classe ?
C
16%
Aucun quiz correspondant
Distribution des résultats
% des personnes avec chaque résultat
Percentile par nombre de réponses
Votre historique - résultats
Vous n’avez pas pris ce quiz